Directory of language training and services for business : a guide to resources in further and higher education
Αποθηκεύτηκε σε:
| Κύριος συγγραφέας: | |
|---|---|
| Άλλοι συγγραφείς: | , |
| Μορφή: | Βιβλίο |
| Γλώσσα: | English |
| Δημοσίευση: |
London :
Routledge,
1993
|
| Θέματα: | |
| Ετικέτες: |
Προσθήκη ετικέτας
Δεν υπάρχουν, Καταχωρήστε ετικέτα πρώτοι!
|
MARC
| LEADER | 00000nam a2200000 i 4500 | ||
|---|---|---|---|
| 001 | 1/24634 | ||
| 008 | 960718s1993 eng d | ||
| 020 | |a 0-415-09998-6 | ||
| 035 | |l 10022332 | ||
| 040 | |a GR-MY-UA |b gre |e aacr | ||
| 041 | 0 | |a eng | |
| 082 | 0 | |a 418.0025 | |
| 100 | 1 | |a Mellors, Colin. | |
| 245 | 1 | 0 | |a Directory of language training and services for business : |b a guide to resources in further and higher education / |c Colin Mellors, David Pollitt, Andrew Radtke |
| 260 | |a London : |b Routledge, |c 1993 | ||
| 300 | |a 600 p. | ||
| 500 | |a Includes index | ||
| 650 | 0 | 0 | |a Language services -- Great Britain. |
| 650 | 0 | 0 | |a Language and languages |x Study and teaching (Higher) |
| 650 | 0 | 0 | |a Language services -- Business. |
| 700 | 1 | |a Pollitt, David. | |
| 700 | 1 | |a Radtke, Andrew. | |
| 852 | |a INST |b CHIOS |e 19960718 |h 418.0025 MEL |p 005200007104 |q 005200007104 |t BK |y 0 | ||
| 909 | |a Χ |b 040403 | ||